| 000 | 00324nam a2200121Ia 4500 | ||
|---|---|---|---|
| 005 | 20251222154400.0 | ||
| 008 | 251222s9999||||xx |||||||||||||| ||spa|| | ||
| 020 | _a978-958-765-012-9 | ||
| 082 | _a333.72/C95 | ||
| 100 | _a"Cuenca Fajardo, Roberto Enrique" | ||
| 245 | 0 | _aLa educación ambiental en la bioética | |
| 942 | _cLIB | ||
| 999 |
_c35255 _d35255 |
||